Normal view MARC view
  • Alistair, Maclean

Entry Personal Name

Number of records used in: 2

001 - CONTROL NUMBER

  • control field: 3070

003 - CONTROL NUMBER IDENTIFIER

  • control field: OSt

005 - DATE AND TIME OF LATEST TRANSACTION

  • control field: 20160628143319.0

008 - FIXED-LENGTH DATA ELEMENTS

  • fixed length control field: 160628|| aca||aabn | a|a d

040 ## - CATALOGING SOURCE

  • Original cataloging agency: OSt
  • Transcribing agency: OSt

100 ## - HEADING--PERSONAL NAME

  • Personal name: Alistair, Maclean

670 ## - SOURCE DATA FOUND

  • Source citation: Work cat.: (OSt): Alistair, Maclean, Break heart pass, 1974